00419cam a2200121 i 450000500170000002000180001708200200003524501010005526000410015630000200019750400510021770000290026820260620154722.0 a9789356404229 a327.549 2 DAT/B00aBangladesh on a new journey :bmoving beyond the regional identity /cedited by Sreeradha Datta. a. - New Delhib: Bloomsburryc, 2024 axxiv, 293 pages aIncludes bibliographical references and index.1 aDatta, Sreeradha, Editor